000 00540nam a2200229Ia 4500
003 0100
008 130303s9999 xx 000 0 und d
020 _a0060635738
040 _cARRUPELIB
050 _aBL48.H297 1985
100 _aHall, T. William
245 _aReligion
245 _ban introduction
260 _aCambridge, Massachusetts
260 _bHarper & Row
260 _C1985
300 _a196p.
300 _b 23cm.
650 _aRELIGION
700 _aPilgrim, Richard B. and Cavanagh, Ronald R
942 0 0 _01
999 _c23599
_d23599